Operačný program Efektívna verejná správa v podmienkach regiónov Slovenska

Regionálna politika a jej efektívna implementácia v praxi ako kľúčový nástroj štátu, verejných autorít a organizácií, ako aj regionálnych a miestnych samospráv. Analýza implementácie projektov na úrovni krajov Slovenskej republiky v rozpočtovom období 2014-2020 v rámci operačného programu Efektívna...

Descrizione completa

Salvato in:
Dettagli Bibliografici
Autore principale: Hornyák Gregáňová, Radomíra
Altri autori: Országhová, Dana
Natura: Capitolo di libro
Lingua:slovacco
Soggetti:
Tags: Aggiungi Tag
Nessun Tag, puoi essere il primo ad aggiungerne!!

MARC

LEADER 00000naa$a2200000$$$4500
001 0258239
005 20190916130225.6
041 0 |a slo 
044 |a CZ 
245 1 0 |a Operačný program Efektívna verejná správa v podmienkach regiónov Slovenska  |c Radomíra Hornyák Gregáňová, Dana Országhová 
520 |a Regionálna politika a jej efektívna implementácia v praxi ako kľúčový nástroj štátu, verejných autorít a organizácií, ako aj regionálnych a miestnych samospráv. Analýza implementácie projektov na úrovni krajov Slovenskej republiky v rozpočtovom období 2014-2020 v rámci operačného programu Efektívna verejná správa. Projektová činnosť jednotlivých krajov SR v rámci programového obdobia 2014-2020. Počet ukončených projektov a projektov v realizácii v jednotlivých krajoch SR v programovom období 2014-2020. Výška schváleného nenávratného finančného príspevku v rámci schválených projektov OP Efektívna verejná správa v jednotlivých krajoch SR. 
610 2 0 |a správa verejná 
610 2 0 |a kraje 
610 2 0 |a regióny 
610 2 0 |a politika regionálna 
610 2 0 |a rozvoj regionálny 
610 2 0 |a programy operačné 
610 2 0 |a projekty 
610 2 0 |a financovanie 
610 2 0 |a Slovensko 
100 1 |a Hornyák Gregáňová, Radomíra 
700 1 |a Országhová, Dana